000 00692nam a2200229 a 4500
008 951213s1984||||[C 0 slo c
020 _c12 Kčs.
_q(3000 výtl.)
040 _aSNK
_bslo
_cSNK
_eAACR2
041 1 _aslo
_hslo
044 _axo
_cSK
080 _a885.4-3
100 1 _aFerko, Andrej
_4aut
245 1 0 _aProso
_bRezká humoreska
_cAndrej Ferko ; Pavol Blažo, Dušan Polakovič
250 _a1., vyd.
260 _aBratislava
_bSlovenský spisovateľ
_c1984
_eBratislava
_fPravda
300 _a113 s., 6,29 AH
_c21 cm
490 0 _aNová próza
500 _aIlustr. na front. a predsádke.
700 1 _aBlažo, Pavol
_4bkd
700 1 _aPolakovič, Dušan
_4bkd
958 _aA
999 _c10572
_d10572